Actors who worked with Penelope Spheeris - Statistics

General Stats
  • This quiz has been taken 5 times
  • The average score is 18 of 72
Answer Stats
Film(s) Actor/Actress % Correct
Wayne's World Mike Myers
100%
The Little Rascals Bug Hall
60%
Wayne's World Dana Carvey
60%
Wayne's World, Black Sheep Chris Farley
40%
Wayne's World, Balls to the Wall Colleen Camp
40%
The Beverly Hillbillies Dabney Coleman
40%
Black Sheep, Senseless David Spade
40%
The Beverly Hillbillies Erika Eleniak
40%
The Beverly Hillbillies Jim Varney
40%
The Beverly Hillbillies, The Little Rascals Lea Thompson
40%
The Beverly Hillbillies Lily Tomlin
40%
The Little Rascals Mel Brooks
40%
The Little Rascals Reba McEntire
40%
Wayne's World Rob Lowe
40%
The Beverly Hillbillies Rob Schneider
40%
Wayne's World Tia Carrere
40%
The Little Rascals Travis Tedford
40%
The Little Rascals Whoopi Goldberg
40%
The Kid & I Arnold Schwarzenegger
20%
Suburbia Bill Coyne
20%
Black Sheep Boyd Banks
20%
Senseless Brad Dourif
20%
The Kid & I Brenda Strong
20%
Wayne's World Brian Doyle-Murray
20%
Black Sheep Bruce McGill
20%
Hollywood Vice Squad Carrie Fisher
20%
Dudes Catherine Mary Stewart
20%
The Boys Next Door Charlie Sheen
20%
Suburbia Chris Pedersen
20%
Black Sheep Christine Ebersole
20%
The Boys Next Door, Balls to the Wall Christopher McDonald
20%
The Beverly Hillbillies Cloris Leachman
20%
Dudes Daniel Roebuck
20%
The Beverly Hillbillies Diedrich Bader
20%
Wayne's World Donna Dixon
20%
The Kid & I Eric Gores
20%
Hollywood Vice Squad Evan C. Kim
20%
Hollywood Vice Squad Frank Gorshin
20%
Black Sheep Gary Busey
20%
The Boys Next Door Hank Garrett
20%
The Kid & I Henry Winkler
20%
The Kid & I Jamie Lee Curtis
20%
Balls to the Wall Jenna Dewan
20%
Balls to the Wall Joe Hursley
20%
The Kid & I Joe Mantegna
20%
Hollywood Vice Squad Joey Travolta
20%
Dudes Jon Cryer
20%
Wayne's World Kurt Fuller
20%
Wayne's World Lara Flynn Boyle
20%
Dudes Lee Ving
20%
The Kid & I Linda Hamilton
20%
Senseless Marlon Wayans
20%
The Little Rascals Mary-Kate and Ashley Olsen
20%
Senseless Matthew Lillard
20%
The Boys Next Door Maxwell Caulfield
20%
Balls to the Wall Mimi Rogers
20%
The Boys Next Door Patti D'Arbanville
20%
The Kid & I Richard Edson
20%
Senseless Rip Torn
20%
Wayne's World Robert Patrick
20%
Hollywood Vice Squad Robin Wright
20%
Hollywood Vice Squad Ronny Cox
20%
The Little Rascals Ross Bagley
20%
The Kid & I Shannon Elizabeth
20%
Senseless Tamara Taylor
20%
Black Sheep Tim Matheson
20%
The Kid & I Tom Arnold
20%
Hollywood Vice Squad Trish Van Devere
20%
Suburbia Andrew Pece
0%
The Little Rascals Daryl Hannah
0%
Senseless Greg Grunberg
0%
Suburbia Jennifer Clay
0%
No matching quizzes found
Score Distribution
Percent of People with Each Score
Percentile by Number Answered
Your Score History
You have not taken this quiz